000 01068cam a22002658i 4500
001 20809387
005 20230717150519.0
008 190107s2019 nju b 001 0 eng c
010 _a 2018048134
020 _a9781119424093 (hardcover)
040 _aWaSeSS/DLC
_beng
_erda
_cWaSeSS
042 _apcc
050 0 0 _aTJ 990 .B73 2019
082 0 0 _a621.406
_223
100 1 _aBraembussche, R. van den,
_eauthor.
245 1 0 _aDesign and analysis of centrifugal compressors /
_cProfessor Rene Van den Braembussche.
263 _a1901
300 _apages cm
504 _aIncludes bibliographical references and index.
650 0 _aCentrifugal compressors
_xDesign and construction.
776 0 8 _iOnline version:
_aBraembussche, R. van den, author.
_tDesign and analysis of centrifugal compressors
_dHoboken, NJ : John Wiley & Sons ; [place of publication not identified] : ASME Press, 2019
_z9781119424116
_w(DLC) 2019002917
906 _a7
_bcbc
_corignew
_d1
_eecip
_f20
_gy-gencatlg
942 _2lcc
_cBOOKS
_hTJ 990 .B73 2019
999 _c31695
_d31695